| 000 | 01118cam a22003254a 4500 | ||
|---|---|---|---|
| 003 | OSt | ||
| 005 | 20180817201424.0 | ||
| 008 | 040408s2005 wiua b 001 0 eng | ||
| 020 | _a1930524226 (Hard cover : alk. paper) | ||
| 020 | _a9781930524224 | ||
| 040 |
_aDNLM/DLC _cDLC _dDLC _beng |
||
| 042 | _apcc | ||
| 050 | 0 | 0 |
_aRC78.7.D53 _bW65 2005 |
| 060 | 1 | 0 |
_aWN 110 _bW848p 2005 |
| 082 | 0 | 0 |
_a616.0754 _222 _bWAP |
| 100 | 1 |
_aWolbarst, Anthony B. _963962 |
|
| 245 | 1 | 0 |
_aPhysics of radiology / _cAnthony Brinton Wolbarst ; with illustrations by Gordon Cook. |
| 250 | _a2nd ed. | ||
| 260 |
_aMadison, Wis. : _bMedical Physics Pub., _c2005. |
||
| 300 |
_axv, 647 p. : _bill. ; _c28 cm. |
||
| 504 | _aIncludes bibliographical references and index. | ||
| 650 | 0 |
_aDiagnostic imaging. _964346 |
|
| 650 | 0 |
_aMedical physics. _964347 |
|
| 650 | 1 | 2 |
_aDiagnostic Imaging. _964348 |
| 650 | 2 | 2 |
_aHealth Physics. _956336 |
| 942 | _cBOOK | ||
| 906 |
_a7 _bcbc _corignew _d1 _eocip _f20 _gy-gencatlg |
||
| 999 |
_c42539 _d312159 |
||